000 00775nam a2200217Ia 4500
003 GCL
008 140319s9999 xx 000 0 ara d
040 _aGCL /
_cGCL
082 0 4 _a812.9
_bع ا
100 1 _aعبدالرحمن الشرقاوى
245 1 0 _a"تمثال الحرية وقصائد منسية ""مسرحيات""" /
_cعبدالرحمن الشرقاوى
260 _a[S.N] :
_bالهيئة المصرية العامة للكتاب ،
_c1988
300 _a170 ص
490 _aمؤلفات عبدالرحمن الشرقاوى
_v0
650 0 4 _aالادب العربى
650 0 4 _aالمسرحيات
650 0 4 _aالشعر المسرحى
650 0 4 _aالشعر التمثيلى
650 0 4 _aالمسرحيات العربية
942 _2ddc
_cBK
999 _c30352
_d30352